LEADER 01474nam a2200229 i 4500 001 000000017799 003 CaOOAMICUS 005 20180830125443.0 008 180830n it u000 u ita u 040 $aSeMil$bita 100 0 $aDemosthenes,$d<384-322 a.C.>.$0(OLS)http://semarc/name/593 245 10$aDemosthenis orationes /$cRecognovit brevique adnotatione critica instruxit S. H. Butcher. 260 $aOxonii :$bE Typographeo Clarendoniano,$c[195-?]- 300 $av. ;$c19 cm. 700 1 $aButcher, S. H.$0(OLS)http://semarc/name/8091 773 0 $tScriptorum classicorum bibliotheca Oxoniensis.$dOxonii : E Typographeo Clarendoniano, [1900]?.$w()17535 774 0 $aDemosthenes <384-322 a.C.>$tTomus 1.$dOxonii : E Typographeo Clarendoniano, 1978.$kScriptorum classicorum bibliotheca Oxoniensis$z0-19-814518-7$g1$w()157928 774 0 $aDemosthenes <384-322 a.C.>$tTomus 2..$dOxonii : E Typographeo Clarendoniano, 1955.$kScriptorum classicorum bibliotheca Oxoniensis$g2$w()161303 774 0 $aDemosthenes <384-322 a.C.>$tTomus 2..$dOxonii : E Typographeo Clarendoniano, 1974.$kScriptorum classicorum bibliotheca Oxoniensis$g2$w()161304 774 0 $aDemosthenes <384-322 a.C.>$tTomus 3..$dOxonii : E Typographeo Clarendoniano, 1978.$kScriptorum classicorum bibliotheca Oxoniensis$z0-19-814521-7$g3$w()161305 996 $6245$aDemosthenis orationes$9(OLS)http://semarc/title/23515 996 $6260$aOxonii :$bE Typographeo Clarendoniano$9(OLS)http://semarc/publisher/30099 LEADER 01127nam a2200265 4500 001 000000361779 003 CaOOAMICUS 005 20250221125903.0 008 250221s1977 it a 000 u ita r 040 $aSeMil$bita 100 1 $aDember, William N.$0(OLS)http://semarc/name/121534 240 10$aGeneral psychology.$0(OLS)http://semarc/title/452564 245 10$aManuale di psicologia /$cWilliam N. Dember, James J. Jenkins. 264 1$aBologna :$bIl Mulino,$c1977. 300 $a936 p. :$bill. ;$c21 cm 490 1 $aCollezione di testi e studi. Psicologia 650 4$aPsicologia - Manuali.$0(OLS)http://semarc/subject/1694 700 1 $aJenkins, James J.$0(OLS)http://semarc/name/121535 830 0$aCollezione di testi e studi. Psicologia.$0(OLS)http://semarc/title/452566 850 $aSeMil 852 $aSeMil$W1$xVenegono$y1$m2O VII 93$j254674$B252725$CSeMilBibl$Z2$F252725 $81 961 $aBuzzi mons. Franco - Omaggio 996 $6245$aManuale di psicologia$9(OLS)http://semarc/title/108642 996 $6264$aBologna :$bIl Mulino$9(OLS)http://semarc/publisher/29842